[Event "Baltic Zonal Liepaja 2017"]
[Site "Liepaja LAT"]
[Date "2017.06.17"]
[Round "3.12"]
[White "Shishkov,A"]
[Black "Garanin,Aleksei"]
[Result "0-1"]
[WhiteElo "2377"]
[BlackElo "2220"]

1.d4 Nf6 2.c4 g6 3.Nc3 Bg7 4.e4 O-O 5.Be3 d6 6.f3 Nc6 7.Nge2 a6 8.Qd2 Rb8
9.Rc1 Bd7 10.b3 b5 11.cxb5 axb5 12.d5 Ne5 13.Nd4 Qe8 14.a3 e6 15.Be2 exd5
16.exd5 Nh5 17.g4 Nf6 18.h3 b4 19.axb4 Rxb4 20.O-O c5 21.dxc6 Nxc6 22.Ncb5
Nxd4 23.Nxd4 Nd5 24.Bf2 Be5 25.Nc2 Nf4 26.Qxb4 Nxe2+ 27.Kg2 Nxc1 28.Rxc1 Qa8
29.Nd4 Rb8 30.Qc4 Rc8 31.Qf1 Qa2 32.Qe2 Qxe2 33.Rxc8+ Bxc8 34.Nxe2 Kf8 35.f4
Bb7+ 36.Kg3 Bb2 37.b4 Ke7 38.Bd4 Ba3 39.Bc3 Ke6 40.Kf2 Kd5 41.Ke3 Kc4 42.Be1
Bb2 43.b5 d5 44.b6 d4+ 45.Kd2 d3 46.Nc1 Bc3+ 47.Ke3 Bxe1 48.Nxd3 Bc3 {#R} 0-1

[Event "Baltic Zonal Liepaja 2017"]
[Site "Liepaja LAT"]
[Date "2017.06.18"]
[Round "4.2"]
[White "Neiksans,A"]
[Black "Sulskis,S"]
[Result "1-0"]
[WhiteElo "2581"]
[BlackElo "2521"]

1.c4 c5 2.Nf3 Nc6 3.d4 cxd4 4.Nxd4 g6 5.e4 Bg7 6.Be3 Nf6 7.Nc3 Ng4 8.Qxg4 Nxd4
9.Qd1 e5 10.Bd3 O-O 11.O-O b6 12.Qd2 Bb7 13.Rad1 f5 14.exf5 gxf5 15.f4 d6
16.Nd5 Qd7 17.fxe5 dxe5 18.Bxd4 exd4 19.Bxf5 Qd6 20.Qd3 b5 21.Bxh7+ Kh8 22.Bg6
Qe6 23.Rfe1 Qg4 24.Re4 Qg5 25.Re5 {#r} 1-0

[Event "Baltic Zonal Liepaja 2017"]
[Site "Liepaja LAT"]
[Date "2017.06.18"]
[Round "4.3"]
[White "Kantans,T"]
[Black "Ladva,O"]
[Result "1-0"]
[WhiteElo "2490"]
[BlackElo "2530"]

1.e4 e5 2.Nf3 Nf6 3.Nxe5 d6 4.Nf3 Nxe4 5.d4 d5 6.Bd3 Nc6 7.O-O Be7 8.Nc3 Bf5
9.Re1 Nxc3 10.bxc3 Bxd3 11.Qxd3 O-O 12.Rb1 b6 13.c4 Bf6 14.Ba3 Re8 15.Rxe8+
Qxe8 16.cxd5 Na5 17.Bb4 Qa4 18.a3 Rd8 19.Bxa5 Qxa5 20.c4 Qa6 21.Ne5 Bxe5
22.dxe5 Qa5 23.g3 c6 24.Rd1 b5 25.d6 bxc4 26.Qxc4 Qxe5 27.Qxc6 Qe6 28.Qc7 Qd7
29.Rb1 Qe8 30.d7 Qe7 31.Kf1 Qf8 32.Re1 {#r} 1-0

[Event "Baltic Zonal Liepaja 2017"]
[Site "Liepaja LAT"]
[Date "2017.06.18"]
[Round "4.5"]
[White "Kanep,M"]
[Black "Meskovs,N"]
[Result "0-1"]
[WhiteElo "2451"]
[BlackElo "2479"]

1.Nf3 Nf6 2.g3 d5 3.Bg2 e6 4.d4 b5 5.a4 b4 6.c4 bxc3 7.Nxc3 Nbd7 8.O-O Rb8
9.Bf4 a6 10.Qc2 Bd6 11.Bxd6 cxd6 12.a5 O-O 13.e3 Ne8 14.Rfb1 Ndf6 15.Bf1 Nc7
16.b4 Bd7 17.Rb2 Rb7 18.Bd3 Qb8 19.Rab1 Rc8 20.Qe2 Nb5 21.Nxb5 Bxb5 22.Bxb5
Rxb5 23.Rc2 g6 24.Rxc8+ Qxc8 25.Ne1 Ne4 26.Nd3 Rb7 27.Rc1 Nc3 28.Qb2 Rc7
29.Kg2 Rc4 30.Qa1 Nb5 31.Qb2 Qc6 32.Kg1 f6 33.f4 Kf7 34.Kf2 Nc3 35.Ke1 Ke7
36.Kd2 Ne4+ 37.Kd1 Qa4+ 38.Ke1 Kd7 39.Ke2 Qb5 40.Ke1 g5 41.Ke2 Kd8 42.Ke1 h6
43.Rc2 Qa4 44.Kd1 Rc3 45.Ne1 Rb3 46.Qc1 Rb1 {#R} 0-1

[Event "Baltic Zonal Liepaja 2017"]
[Site "Liepaja LAT"]
[Date "2017.06.18"]
[Round "4.6"]
[White "Garanin,Aleksei"]
[Black "Miezis,N"]
[Result "0-1"]
[WhiteElo "2220"]
[BlackElo "2452"]

1.d4 Nf6 2.c4 e6 3.g3 Bb4+ 4.Bd2 a5 5.Bg2 d5 6.Nf3 O-O 7.Qc2 Ne4 8.O-O Nc6
9.Rd1 Bd7 10.Nc3 Nxd2 11.Rxd2 Be8 12.Rc1 a4 13.Qd1 dxc4 14.a3 Bxc3 15.Rxc3 Na5
16.Qb1 b5 17.Rd1 Ra6 18.e4 Rd6 19.e5 Rd5 20.h4 h6 21.Ng5 hxg5 22.Bxd5 Qxd5
23.hxg5 Nb3 24.f3 Nxd4 25.Kg2 Qxe5 {#R} 0-1

[Event "Baltic Zonal Liepaja 2017"]
[Site "Liepaja LAT"]
[Date "2017.06.18"]
[Round "4.8"]
[White "Klabis,R"]
[Black "Stremavicius,T"]
[Result "1-0"]
[WhiteElo "2348"]
[BlackElo "2448"]

1.e4 d6 2.d4 Nf6 3.Nc3 g6 4.f3 c6 5.Be3 b5 6.Qd2 Nbd7 7.h4 Nb6 8.Nh3 Qc7 9.a4
Nc4 10.Bxc4 bxc4 11.Nf4 Rb8 12.e5 Ng8 13.exd6 Qxd6 14.d5 Nf6 15.dxc6 Qxd2+
16.Kxd2 Bh6 17.g4 Bxg4 18.fxg4 Nxg4 19.Nfd5 Nxe3 20.Nxe3 Rc8 21.h5 Rxc6
22.hxg6 hxg6 23.Ke2 Re6 24.Nd5 Kf8 25.Kf3 Re5 26.Rae1 Kg7 27.Nxe7 Rxe7 28.Nf5+
gxf5 29.Rxe7 Rb8 30.Rxa7 Rxb2 31.Rg1+ Kf8 32.Ra8+ Ke7 33.Re1+ Kd7 34.Ra7+ Kd8
35.Rh1 Rb6 36.Rxf7 Ra6 37.Rh7 Bf8 38.Rb1 Rxa4 39.Rb8# 1-0

[Event "Baltic Zonal Liepaja 2017"]
[Site "Liepaja LAT"]
[Date "2017.06.18"]
[Round "4.10"]
[White "Krupenski,Y"]
[Black "Malisauskas,V"]
[Result "1-0"]
[WhiteElo "2417"]
[BlackElo "2417"]

1.e4 c6 2.Nc3 d5 3.Nf3 Bg4 4.h3 Bxf3 5.Qxf3 e6 6.d4 Nd7 7.Bd3 Qb6 8.exd5 cxd5
9.Ne2 Ngf6 10.O-O Bd6 11.b3 e5 12.Bf5 Qc6 13.c4 dxc4 14.Qxc6 bxc6 15.bxc4 exd4
16.Nxd4 Ne5 17.Bf4 Nxc4 18.Rfe1+ Kf8 19.Rac1 Bxf4 20.Rxc4 g6 21.Rxc6 Kg7
22.Re7 Rhe8 23.Ne6+ Kg8 24.Rxe8+ {#r} 1-0

[Event "Baltic Zonal Liepaja 2017"]
[Site "Liepaja LAT"]
[Date "2017.06.18"]
[Round "4.12"]
[White "Vaicekauskas,G"]
[Black "Shishkov,A"]
[Result "0-1"]
[WhiteElo "2207"]
[BlackElo "2377"]

1.e4 c5 2.Na3 b6 3.d3 Bb7 4.Nf3 g6 5.c3 Bg7 6.Bf4 d6 7.Qd2 e5 8.Be3 Nf6 9.h3
Nc6 10.Bh6 O-O 11.c4 a6 12.Be2 Nh5 13.g3 f5 14.Nh4 Nd4 15.Bxh5 gxh5 16.Bxg7
Kxg7 17.Qe3 Qf6 18.O-O-O Qh6 19.Rd2 fxe4 20.dxe4 Rf6 21.g4 hxg4 22.hxg4 Qxe3
23.fxe3 Bxe4 24.g5 Rf7 25.Re1 Nc6 26.Rxd6 Nb4 27.Kd2 Nxa2 28.g6 Rf2+ 29.Re2
Rxe2+ 30.Kxe2 hxg6 31.Rxb6 g5 32.Nf3 Nc1+ 33.Kd2 Bxf3 34.Kxc1 g4 35.Nc2 Rd8
{#R} 0-1

[Event "Baltic Zonal Liepaja 2017"]
[Site "Liepaja LAT"]
[Date "2017.06.19"]
[Round "5.4"]
[White "Meskovs,N"]
[Black "Berzinsh,R"]
[Result "1-0"]
[WhiteElo "2479"]
[BlackElo "2434"]

1.c4 e5 2.Nc3 Nf6 3.Nf3 Nc6 4.g3 g6 5.Bg2 Bg7 6.O-O O-O 7.d3 d6 8.a3 a5 9.Rb1
Re8 10.Bg5 h6 11.Bxf6 Bxf6 12.b4 axb4 13.axb4 Bg7 14.b5 Ne7 15.Qb3 Be6 16.Nd5
c6 17.Nxe7+ Rxe7 18.Ne1 d5 19.Nc2 e4 20.bxc6 bxc6 21.Nb4 Qd6 22.c5 Qc7 23.dxe4
dxe4 24.Qc2 Bf5 25.e3 Ra3 26.Rfd1 Rc3 27.Qe2 h5 28.Na6 Qa5 29.Rd6 Bg4 30.Qf1
Rc2 31.Nb4 Be2 32.Nxc6 Bxf1 33.Nxa5 Bd3 34.Nc6 Rb7 35.Rd1 Rbb2 36.Ne7+ Kh7
37.Nd5 Rxf2 38.Bh1 Rfc2 39.c6 Be5 40.Rd7 Rxc6 41.Rxf7+ Bg7 42.Nf4 Bc2 43.Rdd7
Bb3 44.Rxg7+ Kh6 45.Bg2 Rb1+ 46.Bf1 Bc4 47.h4 {#r} 1-0

[Event "Baltic Zonal Liepaja 2017"]
[Site "Liepaja LAT"]
[Date "2017.06.19"]
[Round "5.6"]
[White "Ladva,O"]
[Black "Klabis,R"]
[Result "1-0"]
[WhiteElo "2530"]
[BlackElo "2348"]

1.Nf3 Nf6 2.g3 e6 3.Bg2 d5 4.c4 Be7 5.O-O O-O 6.d4 dxc4 7.Ne5 Nc6 8.Nxc6 bxc6
9.Na3 Bxa3 10.bxa3 Ba6 11.Qd2 Rb8 12.Qa5 Qc8 13.a4 Rd8 14.Ba3 Nd5 15.e4 Nb6
16.Bc5 c3 17.Rfc1 Bd3 18.Qxc3 Qa6 19.a5 Na4 20.Qa3 Nb2 21.Rc3 Nc4 22.Qc1 Nd6
23.Qe3 Bb5 24.Bb4 Nc4 25.Qg5 h6 26.Qe7 Nd6 27.Qxc7 Ne8 28.Qe5 Be2 29.Be7 Rdc8
30.a4 Rb7 31.Ba3 Nf6 32.Rac1 Rd8 33.h3 Rbd7 34.Rxc6 Qd3 35.Bb2 Qb3 36.d5 exd5
37.exd5 Bd3 38.Rxf6 Rxd5 39.Bxd5 Rxd5 40.Rc8+ Kh7 41.Rh8+ {#r} 1-0

[Event "Baltic Zonal Liepaja 2017"]
[Site "Liepaja LAT"]
[Date "2017.06.19"]
[Round "5.10"]
[White "Sakalauskas,V"]
[Black "Garanin,Aleksei"]
[Result "0-1"]
[WhiteElo "2344"]
[BlackElo "2220"]

1.d4 Nf6 2.c4 g6 3.Nc3 Bg7 4.e4 O-O 5.Nf3 d6 6.Be2 e5 7.d5 a5 8.Bg5 h6 9.Bh4
g5 10.Bg3 Nh5 11.h4 Nxg3 12.fxg3 g4 13.Nh2 h5 14.O-O Na6 15.Bd3 Nc5 16.Bc2 Qe7
17.Qe1 Bd7 18.Rd1 Rae8 19.Nb5 Bxb5 20.cxb5 f5 21.Rxf5 Rxf5 22.exf5 e4 23.Qe3
Qf6 24.Qg5 Qxg5 25.hxg5 Bxb2 26.Kf2 Re5 27.Ke3 Rxf5 28.Rb1 Bc3 29.b6 cxb6
30.Rxb6 Be1 {#R} 0-1

[Event "Baltic Zonal Liepaja 2017"]
[Site "Liepaja LAT"]
[Date "2017.06.19"]
[Round "5.11"]
[White "Stremavicius,T"]
[Black "Seeman,T"]
[Result "1-0"]
[WhiteElo "2448"]
[BlackElo "2411"]

1.d4 Nf6 2.c4 g6 3.Nc3 Bg7 4.e4 d6 5.Nf3 Bg4 6.Be3 O-O 7.Be2 Nfd7 8.h3 Bxf3
9.Bxf3 Nc6 10.d5 Na5 11.Qa4 c5 12.Be2 a6 13.Qc2 Ne5 14.Nd1 b5 15.cxb5 axb5
16.Bxb5 Qb8 17.a4 c4 18.O-O f5 19.exf5 gxf5 20.f4 Nd3 21.Rb1 Nc5 22.Bxc5 dxc5
23.Ne3 Bd4 24.Rbe1 Rf6 25.Kh1 Qf8 26.Nxc4 Nxc4 27.Qxc4 Kh8 28.b4 Qg7 29.bxc5
Rg8 30.Re2 Rg6 31.Rxe7 Qxe7 32.Qxd4+ R6g7 33.d6 Qd8 34.c6 h5 35.Bc4 Re8 36.c7
Qa8 37.Qd5 {#r} 1-0

[Event "Zonal 3.4 2017"]
[Site "Tashkent UZB"]
[Date "2017.06.16"]
[Round "1.1"]
[White "Kakageldyev,A"]
[Black "Vakhidov,J"]
[Result "1-0"]
[WhiteElo "2376"]
[BlackElo "2519"]

1.d4 d6 2.e4 g6 3.c4 Bg7 4.Nc3 Nf6 5.Nge2 a6 6.Ng3 h5 7.Be2 h4 8.Nf1 Nbd7
9.Be3 c5 10.d5 Ne5 11.h3 b5 12.cxb5 c4 13.f4 Nd3+ 14.Bxd3 cxd3 15.b6 a5 16.Nd2
O-O 17.O-O e6 18.dxe6 d5 19.e5 d4 20.e7 Qxe7 21.Bxd4 Nh5 22.Nde4 Rd8 23.Qxd3
Qb4 24.Rfd1 Nxf4 25.Qe3 Ne6 26.Bc5 Rxd1+ 27.Rxd1 Qc4 28.b3 Qa6 29.Nd5 Qb5
30.a4 Qa6 31.Ndf6+ Bxf6 32.Nxf6+ Kg7 33.Ne8+ Kh7 34.Qf2 {#r} 1-0

[Event "Zonal 3.4 2017"]
[Site "Tashkent UZB"]
[Date "2017.06.16"]
[Round "1.4"]
[White "Abdusattorov,Nodirbek"]
[Black "Kakabaev,Mergen"]
[Result "1-0"]
[WhiteElo "2462"]
[BlackElo "2348"]

1.e4 e5 2.Nf3 Nc6 3.Bc4 Nf6 4.d3 Bc5 5.c3 d6 6.h3 a6 7.Bb3 Ba7 8.O-O h6 9.Be3
Bxe3 10.fxe3 O-O 11.Nbd2 Ne7 12.Nh4 Be6 13.Rxf6 gxf6 14.Qh5 Kg7 15.Rf1 Rh8
16.Rf3 Qd7 17.Rg3+ Kf8 18.d4 Bxb3 19.axb3 a5 20.Rf3 Ng8 21.Nf5 a4 22.bxa4 Rxa4
23.Nf1 Ra1 24.Kh2 Rh7 25.Rf2 Re1 26.b3 Qc8 27.N5g3 Rg7 28.Ra2 Rg5 29.Qf3 h5
{#r} 1-0

[Event "Zonal 3.4 2017"]
[Site "Tashkent UZB"]
[Date "2017.06.16"]
[Round "1.6"]
[White "Tologontegin,S"]
[Black "Esenov,An"]
[Result "0-1"]
[WhiteElo "2439"]
[BlackElo "2325"]

1.Nf3 c5 2.e3 Nf6 3.d4 b6 4.d5 Bb7 5.Nc3 d6 6.e4 a6 7.a4 Nbd7 8.Be2 g6 9.O-O
Bg7 10.Be3 O-O 11.Qd2 Ng4 12.Bg5 f6 13.Bh4 Bc8 14.Ne1 Nh6 15.Bg3 f5 16.Bf4 Nf7
17.exf5 gxf5 18.Nf3 Nde5 19.Nxe5 Nxe5 20.Bg5 Ra7 21.Rae1 Qe8 22.f4 Ng4 23.Bxg4
fxg4 24.Re2 g3 25.hxg3 Bg4 26.Ree1 b5 27.b3 Bd4+ 28.Kh2 Qh5+ 29.Bh4 b4 30.Ne2
Bg7 31.Qe3 Rf5 32.c4 bxc3 33.Nxc3 Rb7 34.Rb1 Qf7 35.Rfe1 Rh5 36.Ne4 Qxd5
37.Nf2 Bd4 38.Qd2 Bf5 39.Rbd1 Qxb3 40.Nh3 Qf7 41.Ng5 Qc4 42.Qa5 Bf6 43.Qd8+
Kg7 44.Nh3 Rxh4 45.gxh4 Bxh3 46.Kxh3 Qxf4 47.g3 Qf5+ 48.Kg2 Rb2+ 49.Kg1 Qf2+
{#R} 0-1

[Event "Zonal 3.4 2017"]
[Site "Tashkent UZB"]
[Date "2017.06.16"]
[Round "1.7"]
[White "Tillyaev,U"]
[Black "Kostenko,P"]
[Result "0-1"]
[WhiteElo "2316"]
[BlackElo "2438"]

1.e4 e6 2.d4 d5 3.Nc3 Nf6 4.e5 Nfd7 5.f4 c5 6.Nf3 Nc6 7.Be3 Be7 8.Qd2 O-O
9.Be2 a6 10.O-O b5 11.Nd1 b4 12.dxc5 Nxc5 13.Nf2 a5 14.Bb5 Qb6 15.Bxc6 Qxc6
16.Nd4 Qc7 17.Nb3 Ne4 18.Nxe4 dxe4 19.Qf2 Bb7 20.Nd4 Rad8 21.Rad1 Rd5 22.Rd2
g6 23.Rc1 Qc4 24.c3 bxc3 25.bxc3 Ba6 26.h3 Rb8 27.Rb2 Rc8 28.Rb6 Bc5 29.Rbb1
Ba3 30.Rc2 Rdd8 31.f5 exf5 32.Nxf5 gxf5 33.Qg3+ Kf8 34.Bh6+ Ke8 35.Kh2 Qe6
36.Be3 Qg6 37.Rb6 Qxg3+ 38.Kxg3 Bd3 39.Rf2 Rxc3 40.Rxf5 Bc4 41.Kf4 Rxe3 42.Rg5
Re1 43.Rg8+ Kd7 44.Rb7+ Kc6 {#R} 0-1

[Event "Zonal 3.4 2017"]
[Site "Tashkent UZB"]
[Date "2017.06.17"]
[Round "2.2"]
[White "Kostenko,P"]
[Black "Vokhidov,Shamsiddin"]
[Result "1-0"]
[WhiteElo "2438"]
[BlackElo "2381"]

1.d4 d5 2.Bf4 Nf6 3.e3 Bf5 4.c4 e6 5.Nc3 c6 6.Qb3 Qc8 7.Nge2 Nbd7 8.Ng3 Bg6
9.h4 h5 10.cxd5 Nxd5 11.Nxd5 exd5 12.Bd3 Bxd3 13.Qxd3 Bb4+ 14.Kf1 g6 15.e4
dxe4 16.Qxe4+ Kf8 17.d5 Be7 18.Rc1 c5 19.b4 b6 20.Rh3 Qa6+ 21.Kg1 Re8 22.d6
Bg5 23.Qf3 Bxf4 24.Qxf4 Qxa2 25.bxc5 bxc5 26.Ne4 Qd5 27.Re3 Kg7 28.Ra1 Re5
29.Nf6 Qe6 30.Nxd7 Rxe3 31.Qxe3 Qxd7 32.Qe5+ Kh7 33.Qxc5 Rc8 34.Qd4 Ra8 35.Re1
Kg8 36.Re7 Qd8 37.Qd5 Qf8 38.Rxf7 Qxf7 39.Qxa8+ Kg7 40.Qc8 Qd5 41.Qc7+ {#r}
1-0

[Event "Zonal 3.4 2017"]
[Site "Tashkent UZB"]
[Date "2017.06.17"]
[Round "2.3"]
[White "Sindarov,Javokhir"]
[Black "Atabayew,S"]
[Result "0-1"]
[WhiteElo "2385"]
[BlackElo "2436"]

1.e4 c5 2.Nc3 e6 3.Nge2 d5 4.exd5 exd5 5.d4 Nf6 6.g3 Nc6 7.Bg2 cxd4 8.Nxd4 Bg4
9.f3 Be6 10.Be3 Qb6 11.Qd2 Nxd4 12.Bxd4 Qc6 13.O-O Bc5 14.Rad1 O-O 15.Kh1 Bxd4
16.Qxd4 Rfd8 17.f4 Bf5 18.Rd2 Rd7 19.Rfd1 a6 20.Qe5 Bg4 21.Re1 Rd6 22.Qd4 Rad8
23.Re5 Qc8 24.Kg1 Be6 25.a4 h6 26.Qb4 Kh8 27.Rd4 Qc7 28.f5 Rb6 29.Qa5 Qxe5
30.Qxb6 Rd6 31.Qc5 b6 {#R} 0-1

[Event "Zonal 3.4 2017"]
[Site "Tashkent UZB"]
[Date "2017.06.18"]
[Round "3.5"]
[White "Begmuratov,Alisher"]
[Black "Esenov,An"]
[Result "0-1"]
[WhiteElo "2398"]
[BlackElo "2325"]

1.d4 Nf6 2.c4 g6 3.Nc3 Bg7 4.e4 d6 5.Nf3 O-O 6.h3 e5 7.d5 a5 8.g4 Na6 9.Be3 c6
10.Nd2 Nc5 11.a3 Nfd7 12.h4 a4 13.h5 Bf6 14.Nf3 Nb3 15.Rb1 Nd4 16.Be2 c5
17.Rg1 Nb6 18.g5 Bg7 19.Nh4 Bd7 20.Qd3 Qe8 21.hxg6 fxg6 22.Bg4 Bxg4 23.Rxg4
Qd7 24.Rg3 Rf7 25.Kf1 Raf8 26.Kg2 Rf4 27.Rh1 Rg4 28.f3 Rxg3+ 29.Kxg3 Qd8
30.Rg1 Rf7 31.Nb5 Nb3 32.Ng2 Na5 33.Rc1 Qd7 34.Na7 Rf8 35.Bd2 Nb3 36.Rd1 Nxd2
37.Rxd2 Qe7 38.Kg4 h5+ 39.gxh6 Bxh6 40.Rc2 Qg5+ 41.Kh3 Rf7 42.Kh2 Bf8 43.Nb5
Rh7+ 44.Kg1 Qg3 45.Qc3 Rh3 46.Nc7 Qh2+ 47.Kf1 Rg3 48.Qe3 Nxc4 {#R} 0-1

[Event "Zonal 3.4 2017"]
[Site "Tashkent UZB"]
[Date "2017.06.18"]
[Round "3.6"]
[White "Vokhidov,Shamsiddin"]
[Black "Vakhidov,J"]
[Result "0-1"]
[WhiteElo "2381"]
[BlackElo "2519"]

1.e4 c5 2.Nf3 g6 3.c3 d5 4.exd5 Qxd5 5.d4 Bg7 6.Be3 cxd4 7.cxd4 Nf6 8.Nc3 Qa5
9.Bc4 O-O 10.O-O Bg4 11.h3 Bxf3 12.Qxf3 Nc6 13.a3 Ne8 14.Rfd1 Nd6 15.Bd5 Rac8
16.b4 Qd8 17.Rac1 e6 18.Ba2 Ne7 19.Bf4 Nef5 20.Be5 Qg5 21.Qg4 Qe7 22.Bb3 Rfd8
23.g3 Rc7 24.Qf3 Rdc8 25.Rc2 Bxe5 26.dxe5 Nc4 27.Bxc4 Rxc4 28.g4 Nh4 29.Qe3
Qg5 30.Rd3 Qxe3 31.Rxe3 g5 32.Kf1 Kg7 33.Ke2 Ng2 34.Rf3 Nf4+ 35.Kd1 h5 36.Rg3
a5 37.bxa5 R8c5 38.Rf3 hxg4 39.hxg4 Ng6 40.Re3 Nxe5 41.f3 f5 42.gxf5 exf5
43.Rce2 Kf6 44.Na2 Rd4+ 45.Ke1 Nd3+ 46.Kf1 Nf4 47.Re1 Rc2 48.Nb4 Rh2 {#R} 0-1

[Event "Zonal 3.4 2017"]
[Site "Tashkent UZB"]
[Date "2017.06.18"]
[Round "3.7"]
[White "Kakageldyev,A"]
[Black "Odeev,H"]
[Result "0-1"]
[WhiteElo "2376"]
[BlackElo "2405"]

1.d4 Nf6 2.c4 g6 3.Nc3 d5 4.Bf4 Bg7 5.Rc1 Nh5 6.Bg5 h6 7.Bh4 c5 8.Nxd5 Nc6
9.e3 cxd4 10.Be2 dxe3 11.fxe3 Bxb2 12.Rc2 Bf6 13.Bf2 e6 14.Nxf6+ Nxf6 15.Qxd8+
Kxd8 16.Bf3 e5 17.Bg3 Re8 18.Bxc6 bxc6 19.Nf3 Nd7 20.O-O f6 21.Rd1 Ke7 22.Be1
Rb8 23.Rc3 Nc5 24.Ra3 a6 25.Ba5 Rb2 26.Bc3 Rb7 27.Nd2 Rd8 28.Rc1 Nd3 29.Rf1
Rb8 30.Ne4 Bf5 31.Ng3 Bc8 32.Ne4 f5 33.Nd2 c5 34.e4 Rd6 35.Nf3 Ke6 36.exf5+
gxf5 37.Nxe5 Nb4 38.Ng6 Nd3 39.Nh4 f4 {#R} 0-1

[Event "Zonal 3.4 2017"]
[Site "Tashkent UZB"]
[Date "2017.06.19"]
[Round "4.2"]
[White "Esenov,An"]
[Black "Atabayew,S"]
[Result "1-0"]
[WhiteElo "2325"]
[BlackElo "2436"]

1.e4 e5 2.Nf3 Nc6 3.Bc4 Nf6 4.d3 Bc5 5.c3 O-O 6.Bg5 h6 7.Bh4 Be7 8.Nbd2 d6
9.h3 Nh5 10.Bxe7 Qxe7 11.g3 Na5 12.Qe2 Bd7 13.Nh4 Nxc4 14.Nxc4 g6 15.O-O-O Be6
16.Kb1 Kh7 17.Ne3 Qd7 18.Nhg2 Qa4 19.b3 Qc6 20.Qc2 d5 21.exd5 Bxd5 22.Nxd5
Qxd5 23.Ne3 Qe6 24.d4 exd4 25.Rxd4 Rad8 26.Re4 Qc6 27.Re1 Rd2 28.Qxd2 Qxe4+
29.Kb2 Re8 30.Nc2 Qc6 31.Nb4 {#r} 1-0

[Event "Zonal 3.4 w 2017"]
[Site "Tashkent UZB"]
[Date "2017.06.16"]
[Round "1.1"]
[White "Nodirjanova,N"]
[Black "Saduakassova,D"]
[Result "0-1"]
[WhiteElo "2104"]
[BlackElo "2440"]

1.d4 Nf6 2.Nf3 e6 3.Bf4 b6 4.e3 Bb7 5.Nbd2 Be7 6.h3 c5 7.c3 d6 8.Be2 O-O 9.O-O
Nbd7 10.a4 Re8 11.a5 Nf8 12.Bb5 N8d7 13.a6 Bxf3 14.Qxf3 Qc7 15.Qb7 Rec8 16.Nc4
cxd4 17.cxd4 e5 18.Bh2 exd4 19.exd4 Nf8 20.Qxc7 Rxc7 21.Nxd6 Bxd6 22.Bxd6 Rc2
23.Rad1 Nd5 24.Ba3 Ne6 25.Ba4 Rcc8 26.Rfe1 Rd8 27.Bc6 Rac8 28.Bb7 Rc4 29.Re5
Nec7 30.Rde1 Rxd4 31.R5e4 Rxe4 32.Rxe4 f6 33.f3 Kf7 34.Rd4 Ke6 35.g4 Nb5
36.Rd3 Nxa3 37.bxa3 Rd6 38.Rd4 Ne7 39.Re4+ Kd7 40.Kf2 g5 41.Re2 Nd5 42.Rc2 Nc7
43.a4 Rd4 44.Ke3 Rd1 45.Ke4 Re1+ 46.Kf5 Ne8 47.Bc6+ Ke7 48.Bxe8 Re5# 0-1

[Event "Zonal 3.4 w 2017"]
[Site "Tashkent UZB"]
[Date "2017.06.16"]
[Round "1.3"]
[White "Atabayeva,G"]
[Black "Kurbonboeva,Sarvinoz"]
[Result "1-0"]
[WhiteElo "2049"]
[BlackElo "2209"]

1.e4 c5 2.Nf3 d6 3.Bb5+ Bd7 4.Bxd7+ Qxd7 5.c4 Nc6 6.O-O Nf6 7.Nc3 e6 8.d4 cxd4
9.Nxd4 Be7 10.b3 O-O 11.Bb2 Rfd8 12.Rc1 Rac8 13.Nxc6 Qxc6 14.Qe2 Nd7 15.Nb5
Qa6 16.Bd4 Bf6 17.Be3 Nc5 18.f3 b6 19.Rfd1 Nb7 20.Bf4 Be7 21.Rc2 Rd7 22.Rcd2
Rcd8 23.Bg3 Qa5 24.Be1 Qa6 25.Kh1 h6 26.Bf2 Nc5 27.Bg3 Nb7 28.Be5 Bf8 29.f4 f6
30.Bc3 {#r} 1-0

[Event "Zonal 3.4 w 2017"]
[Site "Tashkent UZB"]
[Date "2017.06.17"]
[Round "2.4"]
[White "Serikbay,Assel"]
[Black "Geldyeva,M"]
[Result "0-1"]
[WhiteElo "2168"]
[BlackElo "2151"]

1.d4 Nf6 2.Nf3 e6 3.c4 Bb4+ 4.Bd2 Qe7 5.g3 O-O 6.Bg2 Bxd2+ 7.Qxd2 Ne4 8.Qc2 f5
9.O-O d6 10.Ne1 Nf6 11.Nc3 Kh8 12.e4 Nc6 13.Rd1 fxe4 14.Nxe4 e5 15.dxe5 Nxe5
16.Ng5 Bg4 17.Rd4 Rae8 18.Ngf3 a5 19.h3 Bh5 20.g4 Bg6 21.Qb3 b6 22.Nh4 Nfd7
23.Nxg6+ Nxg6 24.Re4 Qf6 25.Rxe8 Rxe8 26.Bc6 Nc5 27.Qf3 Re7 28.Qxf6 gxf6
29.Bf3 Ne5 {#R} 0-1

[Event "Zonal 3.4 w 2017"]
[Site "Tashkent UZB"]
[Date "2017.06.19"]
[Round "4.2"]
[White "Velieva,H"]
[Black "Kurbonboeva,Sarvinoz"]
[Result "0-1"]
[WhiteElo "2005"]
[BlackElo "2209"]

1.e4 c5 2.Nf3 g6 3.d4 cxd4 4.Nxd4 Nc6 5.Nc3 Bg7 6.Be3 Nf6 7.Bc4 O-O 8.Bb3 d6
9.f3 Bd7 10.Qd2 Na5 11.Bh6 Bxh6 12.Qxh6 e5 13.Nde2 b5 14.Nd5 Nxb3 15.Nxf6+
Qxf6 16.axb3 b4 17.h4 Qe7 18.Qd2 a5 19.c4 bxc3 20.bxc3 Rfb8 21.h5 Be6 22.hxg6
fxg6 23.Nc1 Qc7 24.Kf2 Qc5+ 25.Kg3 d5 26.exd5 Bxd5 27.b4 axb4 28.Rxa8 Rxa8
29.cxb4 Qc6 30.Rd1 Bc4 31.Qd7 Qf6 32.Qc7 Be6 33.Ne2 Rc8 34.Qd6 Kg7 35.Rd2 Rc4
36.b5 Qh4# 0-1

[Event "ch-FIN 2017"]
[Site "Helsinki FIN"]
[Date "2017.06.13"]
[Round "2.2"]
[White "Sipila,V"]
[Black "Maki Uuro,Mi"]
[Result "0-1"]
[WhiteElo "2415"]
[BlackElo "2337"]

1.b3 g6 2.Bb2 Nf6 3.d4 d5 4.Nc3 Bg7 5.Qd2 O-O 6.O-O-O c6 7.f3 a5 8.e4 dxe4
9.fxe4 e5 10.d5 cxd5 11.Nxd5 Nxd5 12.exd5 a4 13.Ne2 axb3 14.axb3 Bg4 15.h3
Bxe2 16.Bxe2 Nd7 17.h4 Ra2 18.Qb4 Qa8 19.Bb5 Nf6 20.Kb1 Rd8 21.d6 e4 22.c3 b6
23.Qc4 Ng4 24.Bc6 Qa7 25.Qxe4 Nf2 26.Qe7 Rxb2+ 27.Kxb2 Qb8 28.d7 Bf8 29.Qf6
Nxh1 30.Rxh1 Bg7 31.Qe7 Bf8 32.Qf6 Bg7 33.Qg5 h6 34.Qd2 b5 35.b4 Qb6 36.Re1
Qxc6 {#R} 0-1

[Event "ch-FIN 2017"]
[Site "Helsinki FIN"]
[Date "2017.06.14"]
[Round "3.2"]
[White "Sammalvuo,T"]
[Black "Karttunen,M"]
[Result "0-1"]
[WhiteElo "2448"]
[BlackElo "2465"]

1.d4 Nf6 2.c4 c5 3.d5 b5 4.cxb5 a6 5.bxa6 g6 6.Nc3 Bg7 7.e4 O-O 8.Be2 Qa5
9.Bd2 Bxa6 10.Nf3 d6 11.O-O Bxe2 12.Qxe2 Qa6 13.Qd1 Nbd7 14.h3 Rfb8 15.Qc2 Nh5
16.Rfb1 Ne5 17.Nxe5 Bxe5 18.g3 Qc4 19.b3 Qd4 20.Kg2 c4 21.b4 Ra3 22.Rc1 f5
23.exf5 gxf5 24.Be1 f4 25.Qe2 Nf6 26.Rd1 Rxc3 27.Bxc3 Qxc3 28.gxf4 Bxf4 29.b5
Kh8 30.Qe6 Rg8+ 31.Kf1 Qf3 32.Qxe7 Ne4 33.Qh4 Bh2 {#R} 0-1

[Event "ch-FIN 2017"]
[Site "Helsinki FIN"]
[Date "2017.06.15"]
[Round "4.1"]
[White "Virtanen,Teemu"]
[Black "Sipila,V"]
[Result "1-0"]
[WhiteElo "2141"]
[BlackElo "2415"]

1.Nf3 Nf6 2.g3 d6 3.d4 Nbd7 4.Bg2 e5 5.c4 Be7 6.Nc3 O-O 7.O-O c6 8.Qc2 Re8
9.b3 Bf8 10.Bb2 Qa5 11.e3 exd4 12.exd4 d5 13.Rfe1 Rxe1+ 14.Rxe1 dxc4 15.bxc4
Nb6 16.Re5 c5 17.Nd2 Nbd7 18.Nb3 Qd8 19.Re1 cxd4 20.Nxd4 Nb6 21.Ne4 h6
22.Nxf6+ Qxf6 23.c5 Nd7 24.c6 bxc6 25.Nxc6 Qd6 26.Ne7+ Bxe7 27.Bxa8 Nb6 28.Bf3
Be6 29.Rd1 Qb8 30.Qe4 a5 31.Bc3 Nc4 32.Bg4 Bxg4 33.Qxg4 Ne5 34.Qf4 f6 35.Bxe5
fxe5 36.Qc4+ Kf8 37.Rc1 Qd6 38.h4 g6 39.Qe4 Qe6 40.a4 Bd6 41.Rc6 Ke7 42.Ra6
Qc8 43.Ra7+ Kf6 44.g4 Qc1+ 45.Kg2 Qc5 46.Qf3+ Ke6 47.Qf7# 1-0

[Event "ch-FIN 2017"]
[Site "Helsinki FIN"]
[Date "2017.06.15"]
[Round "4.4"]
[White "Agopov,M"]
[Black "Sammalvuo,T"]
[Result "0-1"]
[WhiteElo "2423"]
[BlackElo "2448"]

1.e4 e5 2.Nf3 Nc6 3.Bb5 a6 4.Ba4 d6 5.c3 f5 6.exf5 Bxf5 7.O-O Bd3 8.Re1 Be7
9.Bc2 Bxc2 10.Qxc2 Nf6 11.d4 e4 12.Nfd2 d5 13.f3 exf3 14.Nxf3 O-O 15.Nbd2 Bd6
16.Nf1 Ne4 17.Ne3 Ng5 18.Nxg5 Qxg5 19.Nf1 Qh5 20.h3 Rf6 21.Be3 Raf8 22.Re2 Ne7
23.Rae1 Nf5 24.Bf2 Rg6 25.Re6 Rg5 26.Qd2 h6 27.Be3 Nxe3 28.Qxe3 Rf3 29.Re8+
Kh7 30.Qe6 Qxh3 31.Qxh3 Rxh3 32.Ra8 Rd3 33.Ra7 c5 34.Re6 Bf8 35.Rxb7 cxd4
36.cxd4 Rxd4 37.Rc6 Rd1 38.Rf7 Bb4 39.a3 Be1 40.Ne3 Rb1 41.Rf1 d4 42.Nc4 Bf2+
{#R} 0-1

[Event "ch-FIN 2017"]
[Site "Helsinki FIN"]
[Date "2017.06.16"]
[Round "5.1"]
[White "Sammalvuo,T"]
[Black "Virtanen,Teemu"]
[Result "1-0"]
[WhiteElo "2448"]
[BlackElo "2141"]

1.d4 d6 2.Nf3 Nf6 3.c4 Bf5 4.Nc3 h6 5.g3 Ne4 6.Qd3 Nxg3 7.e4 Bxe4 8.Nxe4 Nxh1
9.Bg2 Nxf2 10.Nxf2 c6 11.d5 e5 12.dxe6 Qe7 13.Bf4 Na6 14.Ne4 O-O-O 15.O-O-O
Qxe6 16.Nd4 Qg6 17.Bh3+ Kb8 18.Qf3 Qh7 19.c5 Ka8 20.cxd6 Nb4 21.a3 Nd5 22.Nxc6
bxc6 23.Rxd5 f5 24.Qc3 g5 25.d7 {#r} 1-0